000 00801nam a2200265 a 4500
001 69700
003 BD-RjUL
005 20211209081921.0
008 170413s1972 nyu b 001 0 eng d
020 _a0070511551
035 _a(BD-RjUL)69912
040 _aDLC
_cDLC
_dBD-RjUL
_beng
041 _aeng
082 0 0 _223
_a001.433
_bRAD 1972
100 1 _aRaj, Des.
_9206453
245 1 4 _aThe design of sample surveys /
_cDes Raj.
260 _aNew York :
_bMcGraw-Hill,
_cc1972.
300 _axvii, 390 p. ;
_c24 cm.
490 0 _aMcGraw-Hill series in probability and statistics.
504 _aIncludes bibliographies and indexes.
650 0 _aSampling (Statistics).
_9153382
830 _aMcGraw-Hill series in probability and statistics.
_9136442
942 _2ddc
_cBK
999 _c69700
_d69700